| 000 | 00656nam a2200253Ia 4500 | ||
|---|---|---|---|
| 008 | 170203s9999 xx 000 0 und d | ||
| 020 | _a2894295693 | ||
| 050 | _aFic | ||
| 050 | _bB114 | ||
| 100 | _aBryant, Robyn. | ||
| 245 | _aBaboo and the lion / | ||
| 245 | _ctext by Robyn Bryant ; illustrated by François Ruyer | ||
| 260 | _aMontreal : | ||
| 260 | _bTormont Publications, | ||
| 260 | _c1994 | ||
| 300 | _a12 unnumbered pages : | ||
| 300 | _bcolor illustrations ; | ||
| 300 | _c16 cm | ||
| 650 | _aBoard books. | ||
| 650 | _aElephants -- | ||
| 650 | _aLion -- | ||
| 650 | _xJuvenile fiction. | ||
| 650 | _xJuvenile fiction. | ||
| 999 |
_c306443 _d306443 |
||